Normal view
MARC view
- SYSTEMS ENGINEERING DATA PROCESSING SYSTEM ENGINEERING MATHEMATICAL MODELS
Entry Topical Term
001 - CONTROL NUMBER
- control field: 74708
003 - CONTROL NUMBER IDENTIFIER
- control field: NUST
005 - DATE AND TIME OF LATEST TRANSACTION
- control field: 20210628205255.0
008 - FIXED-LENGTH DATA ELEMENTS
- fixed length control field: 210628|| aca||aabn | a|a d
040 ## - CATALOGING SOURCE
- Original cataloging agency: NUST
- Transcribing agency: NUST
150 ## - HEADING--TOPICAL TERM
- Topical term or geographic name entry element: SYSTEMS ENGINEERING DATA PROCESSING SYSTEM ENGINEERING MATHEMATICAL MODELS
670 ## - SOURCE DATA FOUND
- Source citation: Work cat.: (NUST): DOEBELIN, ERNEST O 74707, SYSTEM MODELLING AND RESPONSE THEORETICAL AND EXPERIMENTAL APPROACH, 1980
